| 000 | 00446nam a22001697a 4500 | ||
|---|---|---|---|
| 003 | CEME | ||
| 005 | 20210628205305.0 | ||
| 008 | 210308b xxu||||| |||| 00| 0 eng d | ||
| 040 | _c. | ||
| 082 | _a657.45 SOH'Q | ||
| 100 |
_aSohrab _974792 |
||
| 245 | _aQuality audit | ||
| 260 |
_aNEW DELHI _bALLIED PUBLISHERS _c1996 |
||
| 300 | _aXVII,220P | ||
| 650 |
_aINTERNATIONAL BUSINESS ENTERPRISES MANAGEMENT CASE STUDIES _974641 |
||
| 942 |
_cBK _2ddc |
||
| 999 |
_c580292 _d580292 |
||